| 000 | 00690nam a2200217 a 4500 | ||
|---|---|---|---|
| 001 | BRCA_1461 | ||
| 005 | 20190320203435.0 | ||
| 008 | 060421s2005 mx-a---###---#000-0#spa-# | ||
| 020 | _a9680300935 | ||
| 050 | 4 |
_aF1219 _b.M57 2005 |
|
| 100 | 1 |
_aMirambell S., Lorena _94781 |
|
| 245 | 1 | 0 |
_aMateriales arqueológicos _btecnología y materia prima _cLorena Mirambell S. ... [et al.]. |
| 260 |
_aMéxico _bINAH _c2005 |
||
| 300 |
_a251 p. _bil. _c26 cm. |
||
| 440 | 0 |
_aColección Científica _v465 _9470 |
|
| 504 | _aIncluye referencias bibliográficas | ||
| 650 | 1 | 4 |
_aArqueología _xMateriales _94782 |
| 650 | 1 | 4 |
_aCerámica _zMéxico _94783 |
| 650 | 1 | 4 |
_aTextiles _zMéxico _94784 |
| 942 |
_2lcc _cB |
||
| 999 |
_c1323 _d1323 |
||